| 000 | 00870nam a22002417a 4500 | ||
|---|---|---|---|
| 003 | 0 | ||
| 005 | 20250822161402.0 | ||
| 008 | 250822b xxu||||| |||| 00| 0 eng d | ||
| 020 | _a978-1-382-00942-3 | ||
| 050 |
_aTR IB HB 74.5 _b.Z56 2021 |
||
| 100 |
_aZiogas, Constantine, _eauthor. |
||
| 245 |
_aEconomics : _b for the IB Diploma / _cConstantine Ziogas & Marily Apostolakou. |
||
| 250 | _a2020 edition. | ||
| 260 |
_aOxford, United Kingdom : _bOxford University Press, _c2021. |
||
| 300 |
_a206 pages : _bcolor illustrations ; _c30 cm. |
||
| 500 | _aOxford IB Study Guides. | ||
| 504 | _aIncludes bibliographical references and index. | ||
| 650 |
_aEconomics _vStudy and teaching (Secondary) _vTextbooks. |
||
| 650 |
_aEconomics _vTextbooks. |
||
| 650 |
_aInternational Baccalaureate _vTextbooks. |
||
| 700 |
_aApostolakou, Marily, _eauthor. |
||
| 942 |
_2lcc _cBK |
||
| 999 |
_c367593 _d367593 |
||